| 000 | 00677cam a2200217 4500500 | ||
|---|---|---|---|
| 005 | 20260329002459.0 | ||
| 041 | _afre | ||
| 042 | _adc | ||
| 100 | 1 | 0 |
_aNassif, Philippe _eauthor |
| 245 | 0 | 0 | _aAlaa el-Aswany, Henry Laurens. Le souffle toujours vivant de la place Tahrir |
| 260 | _c2012. | ||
| 500 | _a31 | ||
| 690 | _aAlaa el-Aswany | ||
| 690 | _aDémocratie | ||
| 690 | _aHenry Laurens | ||
| 690 | _aLiberté | ||
| 690 | _aPlace Tahrir | ||
| 690 | _aPrintemps arabe | ||
| 786 | 0 | _nPhilosophie magazine | 62 | 9 | 2012-09-01 | p. 7-9 | 1951-1787 | |
| 856 | 4 | 1 | _uhttps://shs.cairn.info/magazine-philosophie-magazine-2012-9-page-7?lang=fr&redirect-ssocas=7080 |
| 999 |
_c1815408 _d1815408 |
||